| 000 | 00659nam a22001937a 4500 | ||
|---|---|---|---|
| 999 |
_c165641 _d165641 |
||
| 005 | 20190625163456.0 | ||
| 010 | _aUR-10244 | ||
| 020 |
_c400.00 _a9789388356428 |
||
| 035 | _aU-8799 | ||
| 037 | _bDBAD/PUB | ||
| 082 | _a070 | ||
| 100 | _aمر تبہ:شگفتہ تبسم | ||
| 245 |
_aنفو ش آ و ا ز _cمر تبہ:شگفتہ تبسم |
||
| 246 |
_bNuqoosh-e-Aawaz(Urdu) _aby Sharif Ahmed Qureshi |
||
| 260 |
_a Delhi _bEducational Publishing House _c2018 ء |
||
| 270 |
_a3191،Vakil Street,Kucha Pandit,Lal Kuan, _bDelhi _e110006 _k23216162 _l00911123211540 |
||
| 300 |
_a352ص _c22 Cm(Hb) |
||
| 942 |
_2ddc _cUR _h070 _mق ر ے |
||